| 000 | 00761nam a22002177a 4500 | ||
|---|---|---|---|
| 003 | OSt | ||
| 005 | 20260316073231.0 | ||
| 008 | 260316b |||||||| |||| 00| 0 eng d | ||
| 020 | _a978-0-689-84255-9 | ||
| 040 |
_aDWCL GS lib _cOC |
||
| 082 | _aS516 2001 | ||
| 100 | _aSEWELL, ANNA | ||
| 245 |
_aBlack beauty _cANNA SEWELL |
||
| 260 |
_aNew York _bAladdin Classics _c2001 |
||
| 300 |
_a 210 p _c19 cm |
||
| 520 | _a an autobiographical memoir narrated by a horse, following his journey from a carefree foal to a hardworking carriage horse in Victorian England. | ||
| 650 | _akindness, cruelty, and compassion toward animals. | ||
| 650 | _aanimals deserve to be treated with kindness, empathy, and respect | ||
| 700 | _aANNA SEWELL | ||
| 942 |
_2ddc _cFIC. _n0 |
||
| 999 |
_c9153 _d9153 |
||